Η ψυχολογία στη ζωή μας
Αποθηκεύτηκε σε:
| Κύριος συγγραφέας: | |
|---|---|
| Άλλοι συγγραφείς: | |
| Μορφή: | Βιβλίο |
| Γλώσσα: | Greek |
| Δημοσίευση: |
Αθήνα :
Αθ.Ψυχογιός,
1980
|
| Σειρά: | Life cycle series
|
| Θέματα: | |
| Ετικέτες: |
Προσθήκη ετικέτας
Δεν υπάρχουν, Καταχωρήστε ετικέτα πρώτοι!
|
MARC
| LEADER | 00000cam a2200000 i 4500 | ||
|---|---|---|---|
| 001 | 1/64399 | ||
| 008 | 960611s1980 gr | ||| |||| ||gre|| | ||
| 020 | |a 9607020707 | ||
| 035 | |l 10029419 | ||
| 040 | |a GR-MY-UA |b gre |e aacr | ||
| 041 | 0 | |a gre | |
| 082 | 0 | |a 155.4 | |
| 100 | 1 | |a Kristal, Leonard. | |
| 245 | 1 | 2 | |a Η ψυχολογία στη ζωή μας / |c Leonard Kristal ; Μετάφραση:Μαρία Σόλμαν |
| 260 | |a Αθήνα : |b Αθ.Ψυχογιός, |c 1980 | ||
| 300 | |a 132 σ. | ||
| 490 | 1 | |a Life cycle series | |
| 500 | |a Περιλαμβάνει ευρετήριο και βιβλιογραφία | ||
| 650 | 0 | 0 | |a Developmental psychobiology. |
| 700 | 1 | |a Σόλμαν, Μαρία. |4 trl | |
| 830 | 0 | |a Life cycle series | |
| 852 | |a INST |b CHIOS |e 19960611 |h 155.4 KRI |p 005200001968 |q 005200001968 |t BK |y 0 | ||
| 909 | |a Χ |b 025027 | ||